000 01514njm a2200325 i 4500
001 5042
003 ES-MaACL
005 20250622050206.0
007 s|r|||||||||||
008 070913s1984 sp ||| g ||||||||1|nspa d
245 0 0 _aMesa redonda sobre el Tratado de Unión Europea
_h[Grabación sonora] /
_cintervienen Carlos Mª Bru, Virgilio Dastoli, Carlos Molina del Pozo, Luis de la Rasilla ; modera César Enrique Díaz López ; preside Enrique Tierno Galván.
260 _aMadrid :
_bAteneo de Madrid,
_c1984.
300 _a3 discos (CD-DA) (2 h. 40 min. 36 seg.) ;
_c12 cm.
500 _aDatos basados en la invitación.
518 _aActo organizado por el Ateneo de Madrid en colaboración con la Juventud Europea Federalista junto con la A. I. E. y la U. E. F., grabado en el salón de actos el miércoles, 25 de abril de 1984, a las 19:00 h.
610 0 4 _aAteneo de Madrid-
_xActos culturales-
_y1984-
_vGrabaciones sonoras
_91899
650 0 4 _aEuropeísmo.
_912612
700 1 _aBru, Carlos María.
_932040
700 1 _aDastoli, Virgilio.
_942785
700 1 _aMolina del Pozo, Carlos F.
_981928
700 1 _aRasilla, Luis de la.
_995489
700 1 _aDíaz López, César Enrique.
_944329
700 1 _aTierno Galván, Enrique,
_d1918-1986
_9110235
710 2 _aAteneo de Madrid.
_91875
710 2 _aJuventud Europea Federalista.
_95431
852 _aES-MaACL
_jROT 6/1/22
_95159
_cROT
852 _aES-MaACL
_jROT 6/1/24
_9203673
_cROT
942 _2udc
999 _c5042
_d5042